[Event "Híbrido del Sur op U2200 2nd"]
[Site "Tornelo INT"]
[Date "2021.10.08"]
[Round "5"]
[White "Jaramillo, Samantha"]
[Black "Hernandez Mora, Ulises Jose"]
[Result "1/2-1/2"]
[WhiteElo "1742"]
[BlackElo "1772"]
[PlyCount "153"]
[EventDate "2021.10.08"]
[EventType "swiss"]
[EventRounds "6"]
[EventCountry "VEN"]
[SourceTitle "EXT 2023"]
[Source "ChessBase"]
[SourceDate "2022.10.05"]
[SourceVersion "1"]
[SourceVersionDate "2022.10.05"]
[SourceQuality "1"]

1. d4 c6 2. c4 d5 3. Nc3 Nf6 4. Nf3 Bf5 5. cxd5 cxd5 6. Qb3 e6 7. Qxb7 Nbd7 8. e3 Bd6 9. Bb5 0-0 10. Bxd7 Nxd7 11. 0-0 Bg4 12. Ne1 Nb6 13. Qa6 Qh4 14. f4 Bb4 15. Nd3 Bxc3 16. bxc3 Rfc8 17. Nc5 Nc4 18. e4 Re8 19. f5 exf5 20. exd5 Nb6 21. d6 Be2 22. d7 Nxd7 23. Qc6 Nxc5 24. g3 Qh3 25. Re1 h6 26. dxc5 Kh7 27. Bf4 Re4 28. Qd5 Rae8 29. Qd2 Bf3 30. Rxe4 Rxe4 31. Qf2 Qg4 32. h3 Qh5 33. Rf1 Be2 34. Re1 Bd3 35. c6 Rxe1+ 36. Qxe1 Be4 37. c7 Qxh3 38. Qe2 Qh1+ 39. Kf2 Bb7 40. Qe5 Qg2+ 41. Ke3 g6 42. Qe8 Qg1+ 43. Kd2 Qf2+ 44. Kc1 Qg1+ 45. Kb2 Qb6+ 46. Kc2 Qe6 47. Qxe6 fxe6 48. Kd3 g5 49. Be5 Kg6 50. Kd4 f4 51. gxf4 g4 52. Kc5 Kf5 53. Kd6 h5 54. Kd7 h4 55. c4 h3 56. c5 h2 57. c6 h1Q 58. cxb7 Qxb7 59. Kd8 Qb6 60. Kd7 Qb5+ 61. Kd8 Qd5+ 62. Ke7 Qc6 63. Kd8 g3 64. c8Q Qxc8+ 65. Kxc8 g2 66. Bd4 Kxf4 67. Bxa7 e5 68. a4 e4 69. a5 e3 70. Bxe3+ Kxe3 71. a6 g1Q 72. a7 Qg8+ 73. Kb7 Qd5+ 74. Kb8 Qb5+ 75. Ka8 Qd7 76. Kb8 Qd8+ 77. Kb7 1/2-1/2

[Event "Híbrido del Sur op U2200 2nd"]
[Site "Tornelo INT"]
[Date "2021.10.08"]
[Round "6"]
[White "Medina Jimenez, Aranjuez Miguel"]
[Black "Jaramillo, Samantha"]
[Result "1-0"]
[WhiteElo "1881"]
[BlackElo "1742"]
[PlyCount "75"]
[EventDate "2021.10.08"]
[EventType "swiss"]
[EventRounds "6"]
[EventCountry "VEN"]
[SourceTitle "EXT 2023"]
[Source "ChessBase"]
[SourceDate "2022.10.05"]
[SourceVersion "1"]
[SourceVersionDate "2022.10.05"]
[SourceQuality "1"]

1. e4 d5 2. exd5 Qxd5 3. Nc3 Qa5 4. d4 Nf6 5. Nf3 Bg4 6. h3 Bh5 7. g4 Bg6 8. Ne5 c6 9. h4 Nbd7 10. Nxd7 Nxd7 11. h5 Be4 12. f3 Bd5 13. Bd2 Qc7 14. Rh3 0-0-0 15. Nxd5 cxd5 16. f4 Kb8 17. Bd3 Qb6 18. Bc3 Nf6 19. Qe2 e6 20. g5 Nd7 21. Qd2 Rc8 22. a4 Bd6 23. Rf3 f6 24. 0-0-0 Rxc3 25. Qxc3 Rc8 26. a5 Qd8 27. Qd2 Qf8 28. a6 Bb4 29. Qe2 Qd6 30. axb7 Rc7 31. Bxh7 Nb6 32. Qa6 Rc6 33. gxf6 gxf6 34. Rg1 Nd7 35. Rg8+ Nf8 36. Rxf8+ Qxf8 37. Qxc6 Ba5 38. Qc8+ 1-0

[Event "Online Olym Div2 E"]
[Site "Chess.com INT"]
[Date "2021.09.02"]
[Round "2.2"]
[White "Clarke, Adani"]
[Black "Jaramillo, Samantha"]
[Result "1/2-1/2"]
[WhiteElo "1811"]
[BlackElo "1742"]
[PlyCount "106"]
[EventDate "2021.09.02"]
[EventType "team (rapid)"]
[EventRounds "9"]
[EventCountry "USA"]
[SourceTitle "CBM 204 Extra"]
[Source "ChessBase"]
[SourceDate "2021.11.30"]
[SourceVersion "1"]
[SourceVersionDate "2021.11.30"]
[SourceQuality "1"]
[WhiteTeam "Jamaica"]
[BlackTeam "Ecuador"]
[WhiteTeamCountry "JAM"]
[BlackTeamCountry "ECU"]

1. d4 Nf6 2. c4 c5 3. d5 b5 4. b3 g6 5. Bb2 Bg7 6. Nd2 d6 7. e4 Nbd7 8. cxb5 a6 9. bxa6 Bxa6 10. Bxa6 Rxa6 11. Ne2 0-0 12. 0-0 Qa8 13. Nc3 Rb8 14. Qc2 Ne8 15. Nc4 Nb6 16. Nxb6 Rbxb6 17. Na4 Rb7 18. Bxg7 Kxg7 19. Rfe1 Nc7 20. Nc3 Nb5 21. Nxb5 Rxb5 22. h3 f6 23. Re3 Ra3 24. h4 Rba5 25. Re2 Qb7 26. Re3 Qa7 27. Re2 Qb7 28. Re3 Qa6 29. Re2 Rxb3 30. axb3 Rxa1+ 31. Kh2 Qa3 32. Qb2 Qa5 33. Qc2 Re1 34. Rxe1 Qxe1 35. Kg3 h5 36. Kh2 Qb4 37. Kg3 Qd4 38. Kh2 f5 39. exf5 Qxh4+ 40. Kg1 Qd4 41. fxg6 Qa1+ 42. Kh2 Qe5+ 43. Kg1 Qxd5 44. Qe2 Qe5 45. Qc2 Qe1+ 46. Kh2 Qe5+ 47. Kg1 Qf6 48. Qe4 Qa1+ 49. Kh2 Qe5+ 50. Qxe5+ dxe5 51. Kg3 Kxg6 52. Kf3 Kf5 53. g3 e4+ 1/2-1/2

[Event "Hibrido del Sur op U2200"]
[Site "Porlamar"]
[Date "2021.08.29"]
[Round "6"]
[White "Jaramillo, Samantha"]
[Black "Barrera Tacuri, Jaime Jhoel"]
[Result "1-0"]
[WhiteElo "1763"]
[BlackElo "1603"]
[PlyCount "79"]
[EventDate "2021.08.27"]
[EventType "swiss"]
[EventRounds "7"]
[EventCountry "VEN"]
[SourceTitle "EXT 2023"]
[Source "ChessBase"]
[SourceDate "2022.10.05"]
[SourceVersion "1"]
[SourceVersionDate "2022.10.05"]
[SourceQuality "1"]

1. d4 Nf6 2. c4 c5 3. Nf3 g6 4. g3 Bg7 5. Bg2 0-0 6. 0-0 d6 7. b3 Nbd7 8. Bb2 Rb8 9. Nc3 b6 10. d5 a6 11. a4 Qc7 12. Qc2 Bb7 13. Ng5 h6 14. Nge4 Rfe8 15. Rad1 Kh7 16. Rd2 Ba8 17. h3 Nxe4 18. Bxe4 Nf6 19. Bg2 Nd7 20. f4 Bd4+ 21. Kh2 e6 22. e4 e5 23. f5 g5 24. Nd1 Nf6 25. Qd3 b5 26. axb5 axb5 27. Qe2 Qa5 28. Bxd4 cxd4 29. Nf2 Qb4 30. cxb5 Qxb5 31. Ng4 Nxg4+ 32. Qxg4 Qxb3 33. f6 Qc3 34. Rdf2 Qc8 35. Qh5 Qd7 36. h4 Rg8 37. Rf5 g4 38. Rg5 Qb5 39. Qxf7+ Kh8 40. Rg7 1-0